1646 1206 1590 1674 1615 1511 1594 1479 1791 1353 1070 1026 1281 1640 1996 1240 1310 1436 1816 1933 1956 1735 1695 1473 1687 1794 1149 1277 1329 1674 1948 1966 1361 1158 1512 1607 1535 1017 1555 1716 1316 1999 1331 1897 1193 1985 1485 1399 1352 1023 1649 1331 1972 1413 1839 1768 1640 1621 1043 1631 1088 1378 1565 1420 1336 1780 1074 1168 1460 1572 1711 1453 1107 1321 1592 1387 1566 1254 1543 1047 1118 1864 1939 1238 1614 1697 1151 1676 1224 1409 1949 1497 1562 1646 1426 1985 1520 1737 1880 BCNSPRNW ULIB Ver.6.0+V

เปลี่ยนเป็นภาษาไทย

Change to English
 แสดงรายละเอียดบรรณานุกรม
  กลับหน้าหลัก

Brief Record : Get Marc (ISO 2709) : E-mail record : QR code < ปิดหน้าต่าง
LEADER : 00000nam 2200000uu 4500
001    13399121279
003     ULIB
008    121114s2552||||th 000 0 tha d
020    ^a9786167276045
050 04 ^aPE1130^bว734ฝ 2552
100 0  ^aวิไลลักษณ์ ใจกว้าง
245 10 ^aฝึกอ่านภาษาอังกฤษซะให้เก็ท ฉบับฝึกอ่านภาษาอังกฤษจาก The 7 wonders of the world /^cวิไลลักษณ์ ใจกว้าง
260    ^aกรุงเทพฯ :^bMinibear,^c2552
300    ^a170 หน้า :^bภาพประกอบ ;^c21 ซม
505 2  ^aซีเชน อิตซ่า : นครแห่งชาวมายา ประเทศเม็กซิโก -- ไครสต์ เดอะรีดีมเมอร์ : อ้อมกอดที่ยิ่งใหญ่จากพระผู้เป็นเจ้าเมืองริโอ เดอ จาเนโร ประเทศบราซิล -- โคลอสเซียม : จุดเริ่มต้นแห่งการรบที่ยิ่งใหญ่ ประเทศอิตาลี -- กำแพงเมืองจีน : เรื่องเล่าที่แสนยาวนานจากอดีต ประเทศจีน -- มาชู ปิกชู : นครสาบสูญของชาวอินคา ประเทศเปรู -- เปตรา : ศิลานครที่สาบสูญ ประเทศจอร์แดน -- ทาจ มาฮาล : อนุสรณ์แห่งรักนิรันดร์ ประเทศอินเดีย -- มหาปิรามิดกีซ่า : สิ่งมหัศจรรย์ชั้นเลิศแห่งโลกโบราณ ประเทศอิยิปต์
650  7 ^aภาษาอังกฤษ^xการอ่าน
650  7 ^aภาษาอังกฤษ^xไวยากรณ์
945    ^p155^l0^i18082
995    ^aกัณชพร
999 ^a กัณชพร
รายการนี้ยังไม่มีแท็ก
คุณยังไม่ได้ล็อกอิน คุณสามารถมีกิจกรรมร่วมกับเว็บไซต์ได้ แต่ต้องล็อกอินก่อน ::
  ล็อกอิน

รายการสื่อสารสนเทศ

ลำดับที่ ประเภท เลขเรียก/บาร์โค้ด สถานที่ สถานะ
1. วิทยาศาสตร์การแพทย์ และสุขภาพ
วิทยาศาสตร์การแพทย์ และสุขภาพ
PE1130 ว734ฝ 2552  
  Barcode: 18082
ห้องสมุดวิทยาเขตสวรรค์ประชารักษ์
►หนังสือทั่วไป
บนชั้น

รายการใกล้เคียง
    ผู้แต่ง [วิไลลักษณ์ ใจกว้าง]

BibComment


ยังไม่เคยถูกคอมเมนท์

คอมเมนท์ทรัพยากรรายการนี้
  คอมเมนท์: ฝึกอ่านภาษาอังกฤ..


 Copyright 2026. Bcnsprnw @Library